000
00261nam a22001097a 4500
003
OSt
008
241219b |||||||| |||| 00| 0 eng d
041
_a
eng
100
_a
Rao, KL
_9
6517
245
_a
Calculation Design & Testing of Reinforced Concrete
942
_c
BK
999
_c
18694
_d
18694